1478 1423 1708 1885 1025 1063 1510 1540 1996 1300 1849 1361 1011 1639 1033 1375 1712 1033 1371 1068 1372 1392 1816 1303 1234 1807 1736 1195 1637 1176 1734 1182 1350 1865 1133 1118 1064 1387 1443 1692 1294 1762 1667 1777 1792 1975 1504 1971 1372 1575 1768 1009 1203 1714 1087 1324 1904 1410 1042 1875 1139 1359 1005 1496 1165 1883 1764 1766 1289 1614 1885 1757 1022 1359 1353 1900 1082 1135 1588 1466 1702 1686 1240 1433 1933 1906 1985 1605 1829 1072 1198 1675 1230 1369 1441 1572 1183 1610 1710 BCNSPRNW ULIB Ver.6.0+V

เปลี่ยนเป็นภาษาไทย

Change to English
 แสดงรายละเอียดบรรณานุกรม
  กลับหน้าหลัก

Brief Record : Get Marc (ISO 2709) : E-mail record : QR code < ปิดหน้าต่าง
LEADER : 00000nam 2200000uu 4500
001    13399122521
003     ULIB
008    020711s2550 th a 000 0 tha d
020    9789748041995
060  0 WU113.6^bบ638น
100 0  บุบผา ไตรโรจน์และคนอื่นๆ
110    กองทันตสาธารณสุข กรมอนามัย
245    แนวทางการดำเนินงานส่งเสริมสุขภาพช่องปากเด็กปฐมวัย
250    พิมพ์ครั้งที่ 2
260    นนทบุรี :^bสำนักงานกิจการโรงพิมพ์ องค์การสงเคราะห์ทหารผ่านศึก,^c2550
300    80 หน้า
650    สุขภาพช่องปาก^xเด็กปฐมวัย
945    ^p0^l0^i19975
999    ^aเกษร โพธิ์สุวรรณ
รายการนี้ยังไม่มีแท็ก
คุณยังไม่ได้ล็อกอิน คุณสามารถมีกิจกรรมร่วมกับเว็บไซต์ได้ แต่ต้องล็อกอินก่อน ::
  ล็อกอิน

รายการสื่อสารสนเทศ

ลำดับที่ ประเภท เลขเรียก/บาร์โค้ด สถานที่ สถานะ
- ไม่พบข้อมูล -

BibComment


ยังไม่เคยถูกคอมเมนท์

คอมเมนท์ทรัพยากรรายการนี้
  คอมเมนท์: แนวทางการดำเนินงา..


 Copyright 2026. Bcnsprnw @Library